[Event "Challenge"]
[Site "http://www.queenalice.com/game.php?id=408305"]
[Date "2008.5.26"]
[Round "-"]
[White "AnaLuisa"]
[Black "rafajeff"]
[Result "0-1"]
[WhiteElo "1203"]
[BlackElo "1644"]

1. e4 e5 2. Nf3 d6 3. Nc3 c6 4. h4 Bg4 5. Be2 f5 6. Nh2 Qxh4 7. Bxg4 fxg4 8.
Nxg4 Qxh1+ 9. Ke2 Qxg2 10. Ne3 Qh3 11. Qg1 h5 12. Nc4 b5 13. Qg6+ Kd8 14. Nxd6
Nf6 15. d4 Bxd6 16. Qxg7 Rf8 17. Bg5 Qg4+ 18. f3 Qg2+ 19. Kd3 Qxf3+ 20. Kd2 Qf2+
21. Ne2 Nd7 22. Rg1 exd4 23. e5 Nxe5 24. b3 Nf3+ 25. Kd1 Nxg1 26. Kd2 Qxe2+ 27.
Kc1 Ba3+ 28. Kb1 Qd1+ 29. Bc1 Qxc1# 0-1

[Event "747-100"]
[Site "http://www.queenalice.com/game.php?id=409457"]
[Date "2008.5.28"]
[Round "-"]
[White "perucona"]
[Black "AnaLuisa"]
[Result "0-1"]
[WhiteElo "1306"]
[BlackElo "1206"]

1. e4 e5 2. d4 f6 3. d5 d6 4. Nf3 c6 5. dxc6 Nxc6 6. Nc3 Bg4 7. Be2 d5 8. exd5
Nb4 9. O-O Bxf3 10. Bxf3 Qd7 11. a3 Na6 12. Qe2 f5 13. Qxe5+ Be7 14. Re1 Nc5 15.
d6 Qxd6 16. Qxe7+ Nxe7 17. Bh5+ g6 18. Bf3 Ne6 19. Bd2 Qxd2 20. Rad1 Qxc2 21.
Re2 Qb3 22. Rdd2 Nf4 23. Re3 Rd8 24. Red3 Rxd3 25. Rxd3 Nxd3 26. g3 Qxb2 27. Na4
Qxf2+ 28. Kh1 Qf1# 0-1

[Event "Challenge"]
[Site "http://www.queenalice.com/game.php?id=420885"]
[Date "2008.6.21"]
[Round "-"]
[White "ZUMBI"]
[Black "AnaLuisa"]
[Result "1-0"]
[WhiteElo "1641"]
[BlackElo "1254"]

1. e4 e5 2. Nf3 Nc6 3. Nc3 Nf6 4. Bb5 a6 5. Bc4 Bc5 6. h3 h6 7. d3 Na5 8. Nxe5
Qe7 9. Nxf7 Rf8 10. Bf4 Nxc4 11. dxc4 Qxf7 12. Bxc7 Qxc4 13. Bd6 Nxe4 14. Bxc5
Qxc5 15. Nxe4 Qb4+ 16. c3 Qxe4+ 17. Kf1 Qc4+ 18. Kg1 Qc5 19. Qe2+ Kd8 20. Rf1 b5
21. Qe4 d5 22. Qe5 Re8 23. Qxg7 Re2 24. Qf6+ Kd7 25. Qg7+ Kc6 26. Qxh6+ Kc7 27.
Qf4+ Kb6 28. Qf6+ Ka7 29. h4 Bb7 30. h5 d4 31. h6 Qd5 32. Rh2 Rae8 33. h7 Re1
34. h8=Q Rxh8 35. Qxh8 Re6 36. cxd4 a5 37. a3 a4 38. f3 Re2 39. Qg7 Rxb2 40. Rh7
Ka6 41. Re1 Bc6 42. Qa7# 1-0

[Event "Challenge"]
[Site "http://www.queenalice.com/game.php?id=420886"]
[Date "2008.6.21"]
[Round "-"]
[White "AnaLuisa"]
[Black "ZUMBI"]
[Result "0-1"]
[WhiteElo "1228"]
[BlackElo "1631"]

1. e4 e5 2. Nf3 Nc6 3. Bc4 h6 4. Nc3 Nf6 5. d3 Bb4 6. a3 Ba5 7. b4 Bb6 8. a4 a5
9. bxa5 Bxa5 10. Ra3 d5 11. exd5 Nxd5 12. O-O Nxc3 13. Qe1 Nb1 14. c3 Nxa3 15.
Bxa3 Be6 16. Bxe6 fxe6 17. Nxe5 Qf6 18. Nxc6 bxc6 19. Qe4 O-O-O 20. Qxc6 Rxd3
21. Qa8+ Kd7 22. Qxh8 Rxc3 23. Rd1+ Kc6 24. Qe8+ Kb7 25. Rb1+ Bb6 26. Qb5 Rxa3
27. Qe2 Ra1 28. Qe4+ c6 29. Rf1 Ra2 30. Qd3 Rxf2 31. Qd7+ Ka6 32. Qc8+ Ka5 33.
Qa8+ Kb4 34. Rb1+ Rb2+ 35. Kh1 Rxb1# 0-1

[Event "Challenge"]
[Site "http://www.queenalice.com/game.php?id=423815"]
[Date "2008.6.27"]
[Round "-"]
[White "RicardoFialho"]
[Black "AnaLuisa"]
[Result "1-0"]
[WhiteElo "1643"]
[BlackElo "1203"]

1. e4 e5 2. Nf3 Nf6 3. Nxe5 Nxe4 4. Qh5 g6 5. Qf3 Nf6 6. Bc4 d5 7. Bb3 Na6 8.
Bxd5 Nb4 9. Bb3 Bh6 10. Nxf7 Nxc2+ 11. Bxc2 Kxf7 12. O-O Bg4 13. Qb3+ Nd5 14.
Qxb7 Re8 15. Bb3 Be6 16. d3 Bxc1 17. Rxc1 g5 18. Nc3 Nf4 19. Bxe6+ Rxe6 20. Qb5
a6 21. Qc4 Ra7 22. Re1 Qa8 23. Ne4 g4 24. Re3 Rb7 25. g3 Nh3+ 26. Kg2 Rxb2 27.
Qxc7+ Re7 28. Qd6 Nxf2 29. Qf6+ Ke8 30. Qh8+ Kd7 31. Qxa8 Re8 32. Nf6+ Kd6 33.
Nxe8+ Kd7 34. Qd5+ Kc8 35. Rc1+ Kb8 36. Qe5+ Ka7 37. Qxb2 Nxd3 38. Qd4+ Ka8 39.
Qd5+ Kb8 40. Re7 Nb4 41. Qd8# 1-0

[Event "Challenge"]
[Site "http://www.queenalice.com/game.php?id=424151"]
[Date "2008.6.27"]
[Round "-"]
[White "Dinhobergha"]
[Black "AnaLuisa"]
[Result "1-0"]
[WhiteElo "1617"]
[BlackElo "1198"]

1. e4 e5 2. Bc4 Nh6 3. Qh5 d6 4. Qd1 Ng4 5. h3 Nf6 6. Nc3 a6 7. Nf3 Nc6 8. O-O
Nh5 9. d4 exd4 10. Nxd4 Nxd4 11. Qxd4 c5 12. Qd5 1-0

[Event "Challenge"]
[Site "http://www.queenalice.com/game.php?id=424369"]
[Date "2008.6.28"]
[Round "-"]
[White "Drica"]
[Black "AnaLuisa"]
[Result "1-0"]
[WhiteElo "1490"]
[BlackElo "1203"]

1. e4 e5 2. Qf3 Nh6 3. Bc4 Nc6 4. Ne2 f6 5. Nbc3 Nb4 6. Kd1 f5 7. exf5 d5 8.
Nxd5 Bxf5 9. Nxb4 a5 10. Bb5+ c6 11. Nxc6 Qb6 12. Nc3 Ng4 13. Qxf5 Nxf2+ 14. Ke1
Nxh1 15. Qe6+ Be7 16. Qxe7# 1-0

[Event "Challenge"]
[Site "http://www.queenalice.com/game.php?id=426847"]
[Date "2008.7.3"]
[Round "-"]
[White "mateus_nunes_"]
[Black "AnaLuisa"]
[Result "0-1"]
[WhiteElo "1166"]
[BlackElo "1275"]

1. e4 e5 2. Nf3 Nc6 3. Nc3 Nf6 4. Bc4 Bc5 5. O-O d6 6. Ng5 Qe7 7. Nb5 h6 8. Nf3
g5 9. h3 g4 10. Nh4 Nxe4 11. Nf5 Bxf5 12. hxg4 Nxf2 13. Qf3 Nxg4+ 14. Kh1 Qh4+
15. Qh3 Nf2+ 0-1

[Event "AUTO-INT-1030"]
[Site "http://www.queenalice.com/game.php?id=460378"]
[Date "2008.9.8"]
[Round "1"]
[White "Kuroi"]
[Black "AnaLuisa"]
[Result "1-0"]
[WhiteElo "1637"]
[BlackElo "1279"]

1. e4 e5 2. d4 exd4 3. Qxd4 Nc6 4. Qd3 Qf6 5. Nf3 Nb4 6. Qc3 Qb6 7. Qe5+ Be7 8.
Qxg7 Bf6 9. Qg3 Nxc2+ 10. Kd1 Nxa1 11. e5 Be7 12. Bg5 h6 13. Bxe7 Nxe7 14. Qg7
Rf8 15. b3 d6 16. Bc4 Qxf2 17. Bd3 Nf5 18. Rf1 Ne3+ 19. Kc1 Qxa2 20. Nfd2 c5 21.
Nc3 1-0

[Event "AUTO-INT-1030"]
[Site "http://www.queenalice.com/game.php?id=460379"]
[Date "2008.9.8"]
[Round "1"]
[White "AnaLuisa"]
[Black "Kuroi"]
[Result "0-1"]
[WhiteElo "1277"]
[BlackElo "1650"]

1. e4 e5 2. Qf3 f6 3. Ne2 Nc6 4. Nbc3 Nb4 5. Kd1 Bc5 6. a3 Nc6 7. b4 Bd4 8. Nxd4
Nxd4 9. Qg3 Qe7 10. Nd5 Qd6 11. Qxg7 Qc6 12. Ne3 Ne6 13. Qxh8 Kf8 14. Qxf6+ Nxf6
15. b5 Qxe4 16. d3 Qd4 17. Rb1 e4 18. Bb2 Qa4 19. g3 Qxb5 20. c4 Qh5+ 0-1

[Event "AUTO-INT-1030"]
[Site "http://www.queenalice.com/game.php?id=460392"]
[Date "2008.9.8"]
[Round "1"]
[White "AnaLuisa"]
[Black "lialcham"]
[Result "0-1"]
[WhiteElo "1287"]
[BlackElo "1533"]

1. e4 e5 2. Qf3 Nf6 3. Bc4 Nc6 4. Nh3 h6 5. Nc3 g5 6. d3 Bb4 7. a3 Bxc3+ 8. bxc3
g4 9. Qg3 gxh3 10. Qg7 Rf8 11. Bxh6 Qe7 12. Qg5 Rg8 13. Qh4 hxg2 14. Rg1 Ng4 15.
Bd2 Qxh4 16. Rxg2 Ne7 17. O-O-O Nxf2 18. Rf1 Rxg2 19. Be3 Qxh2 0-1

[Event "AUTO-INT-1030"]
[Site "http://www.queenalice.com/game.php?id=460393"]
[Date "2008.9.8"]
[Round "1"]
[White "lialcham"]
[Black "AnaLuisa"]
[Result "1-0"]
[WhiteElo "1539"]
[BlackElo "1281"]

1. e4 e5 2. Nf3 Nf6 3. Nxe5 Qe7 4. d4 d6 5. Nf3 Qxe4+ 6. Qe2 Qe7 7. Qxe7+ Bxe7
8. Bg5 h6 9. Bxf6 Bxf6 10. Nc3 O-O 11. Nd5 Na6 12. Bxa6 bxa6 13. Nxc7 Rb8 14. b3
Rb7 15. Nxa6 Re8+ 16. Kd1 Rb6 17. Nc7 Re4 18. c3 g5 19. Nd5 Bd8 20. Nxb6 1-0

[Event "Challenge"]
[Site "http://www.queenalice.com/game.php?id=461597"]
[Date "2008.9.11"]
[Round "-"]
[White "superhomem222"]
[Black "AnaLuisa"]
[Result "1-0"]
[WhiteElo "1477"]
[BlackElo "1294"]

1. e3 e5 2. b3 Qf6 3. Bb2 Nh6 4. h3 Bd6 5. f4 exf4 6. Bxf6 gxf6 7. Qh5 Rg8 8.
Qxh6 Rg6 9. Qxh7 Bf8 10. Bc4 Rg7 11. Qh5 Rg5 12. Qxf7+ Kd8 13. Qxf8# 1-0

[Event "Challenge"]
[Site "http://www.queenalice.com/game.php?id=462717"]
[Date "2008.9.13"]
[Round "-"]
[White "Aldino"]
[Black "AnaLuisa"]
[Result "1-0"]
[WhiteElo "1846"]
[BlackElo "1285"]

1. e4 e5 2. Nf3 Nc6 3. d3 Nf6 4. Nc3 Bc5 5. h3 Nh5 6. Ne2 Na5 7. Nxe5 Rf8 8. Bd2
b6 9. b4 f6 10. Nf3 Bd6 11. bxa5 b5 12. Ned4 c5 13. Nf5 Be5 14. Nxe5 fxe5 15.
Qxh5+ g6 16. Nd6+ Ke7 17. Qxe5# 1-0